000 00469nam a22001817a 4500
003 CEME
005 20210628201627.0
008 210212b xxu||||| |||| 00| 0 eng d
020 _a1-56676-077-1
040 _c.
082 _a620.118 TAN
100 _aTan, Seng.C
_956074
245 _aStress concentrations in laminated composites
260 _aUSA
_bTECHNOMIC PUBLISHER
_c1994
300 _aXII,470P
650 _aCOMPOSITE MATERIALS.
_925366
942 _cBK
_2ddc
999 _c566603
_d566603